[Event "Torneo Italiano"]
[Site "http://www.queenalice.com/game.php?id=340562"]
[Date "2008.1.22"]
[Round "3"]
[White "schibu"]
[Black "amed66"]
[Result "1/2-1/2"]
[WhiteElo "2261"]
[BlackElo "2403"]

1. e4 c5 2. Nc3 e6 3. g3 d5 4. exd5 exd5 5. Bg2 Nf6 6. d3 d4 7. Ne4 Nxe4 8. dxe4
Nc6 9. Ne2 h5 10. h4 Bg4 11. f3 Be6 12. O-O Bd6 13. Nf4 Bxf4 14. Bxf4 O-O 15.
Re1 Qb6 16. b3 a5 17. Qd2 a4 18. Reb1 axb3 19. axb3 Rfc8 20. Rc1 Nb4 21. Bf1 Rd8
22. Bg5 Re8 23. Qf2 Bd7 24. Bf4 Bb5 25. Bh3 Qg6 26. Bf5 Qf6 27. Bh3 1/2-1/2

[Event "AUTO-OPEN-686"]
[Site "http://www.queenalice.com/game.php?id=361658"]
[Date "2008.2.26"]
[Round "3"]
[White "jsteffi1"]
[Black "schibu"]
[Result "0-1"]
[WhiteElo "2242"]
[BlackElo "2257"]

1. d4 d6 2. e4 Nf6 3. Bd3 Nbd7 4. Ne2 e5 5. c3 Be7 6. O-O O-O 7. f4 c6 8. Ng3
Re8 9. Kh1 Nb6 10. a4 a5 11. f5 Nbd7 12. Re1 d5 13. exd5 Nxd5 14. dxe5 Bh4 15.
e6 fxe6 16. fxe6 Nf8 17. e7 Rxe7 18. Rxe7 Qxe7 19. Ne4 Ng6 20. Nbd2 Bf5 21. g3
Bg5 22. Qh5 Ne5 23. Qxg5 Qxg5 24. Nxg5 Nxd3 25. Ngf3 Re8 26. c4 N5b4 27. b3 Nc2
28. Rb1 Re2 29. Kg1 Ne3 0-1

[Event "AUTO-OPEN-686"]
[Site "http://www.queenalice.com/game.php?id=361659"]
[Date "2008.2.26"]
[Round "3"]
[White "schibu"]
[Black "jsteffi1"]
[Result "1-0"]
[WhiteElo "2269"]
[BlackElo "2230"]

1. e4 c6 2. c4 d5 3. cxd5 cxd5 4. exd5 Qxd5 5. Nc3 Qd8 6. d4 Nf6 7. Nf3 e6 8.
Bc4 Be7 9. O-O O-O 10. Re1 a6 11. Bb3 b5 12. d5 exd5 13. Nxd5 Nxd5 14. Bxd5 Ra7
15. Ne5 Bf6 16. Bf4 Bf5 17. Qf3 Be6 18. Bxe6 fxe6 19. Rad1 Qc8 20. Rc1 Qd8 21.
Qg3 Rb7 22. Red1 Qe8 23. Qe3 Qh5 24. h3 a5 25. Ng4 Bxb2 26. Rc8 Qf5 27. Rxf8+
Kxf8 28. Rd8+ Kf7 29. Bxb8 h5 30. Ne5+ Bxe5 31. Bxe5 Kg6 32. f4 1-0

[Event "AUTO-OPEN-726"]
[Site "http://www.queenalice.com/game.php?id=366837"]
[Date "2008.3.7"]
[Round "2"]
[White "sergiomaia"]
[Black "schibu"]
[Result "0-1"]
[WhiteElo "1749"]
[BlackElo "2255"]

1. d4 d6 2. d5 Nf6 3. Nf3 Nbd7 4. Nc3 c6 5. e4 Nc5 6. dxc6 bxc6 7. Be3 Nfxe4 8.
Nxe4 Nxe4 9. Nd4 Bd7 10. Bd3 Nf6 11. O-O e5 12. Nf5 e4 13. Be2 Bxf5 14. Qd2 Be7
15. h3 Nd5 16. Bd4 O-O 17. c4 Bg5 18. Qc2 Nf4 19. Bg4 Bxg4 20. hxg4 Qd7 21. f3
exf3 22. gxf3 f5 23. gxf5 Rxf5 24. Rae1 Bh4 25. Re4 Rg5+ 26. Kh2 Qh3# 0-1

[Event "AUTO-OPEN-726"]
[Site "http://www.queenalice.com/game.php?id=366838"]
[Date "2008.3.7"]
[Round "2"]
[White "schibu"]
[Black "sergiomaia"]
[Result "1-0"]
[WhiteElo "2260"]
[BlackElo "1770"]

1. e4 d5 2. exd5 Qxd5 3. Nc3 Qe5+ 4. Be2 Bg4 5. d4 Bxe2 6. Ngxe2 Qd6 7. Bf4 Qg6
8. O-O c6 9. d5 e6 10. dxe6 Qxe6 11. Re1 Be7 12. Ng3 Qd7 13. Qf3 Qc8 14. Nce4
Qd7 15. Rad1 Qxd1 16. Qxd1 Nd7 17. Nf5 O-O-O 18. Ned6+ 1-0

[Event "AUTO-OPEN-726"]
[Site "http://www.queenalice.com/game.php?id=409583"]
[Date "2008.5.28"]
[Round "3"]
[White "jmsteinfeld"]
[Black "schibu"]
[Result "0-1"]
[WhiteElo "1755"]
[BlackElo "2288"]

1. e4 b6 2. d4 Bb7 3. Bd3 e6 4. Nc3 d6 5. Bf4 Nd7 6. Nf3 g6 7. Bg5 Ne7 8. e5 h6
9. Bh4 d5 10. Qe2 a6 11. O-O-O Bg7 12. Bxe7 Qxe7 13. h4 c5 14. dxc5 bxc5 15. g4
c4 16. Bxg6 fxg6 17. Rdg1 O-O 18. g5 h5 19. a3 Rf4 20. Qe3 Raf8 0-1

[Event "AUTO-OPEN-726"]
[Site "http://www.queenalice.com/game.php?id=409585"]
[Date "2008.5.28"]
[Round "3"]
[White "WelintonMaia"]
[Black "schibu"]
[Result "0-1"]
[WhiteElo "1697"]
[BlackElo "2300"]

1. e4 b6 2. d4 Bb7 3. Nc3 e6 4. a3 d6 5. Nf3 Nd7 6. Bd3 g6 7. O-O Bg7 8. Be3 Ne7
9. Ng5 h6 10. Nh3 a6 11. Nf4 O-O 12. Qf3 Nf5 13. g3 Nxd4 14. Bxd4 Bxd4 15. Nce2
Bxb2 16. Ra2 Bg7 17. c4 Qg5 18. h4 Qc5 19. a4 Ne5 20. Qg2 g5 21. hxg5 hxg5 22.
Nh5 Nxd3 23. Kh2 g4 24. f3 Qxh5+ 25. Kg1 Qc5+ 26. Kh2 Ne5 27. fxg4 Nxg4+ 28. Kh1
Qh5+ 29. Kg1 Bxe4 30. Rf3 Qc5+ 31. Kf1 Bxf3 0-1

[Event "AUTO-OPEN-726"]
[Site "http://www.queenalice.com/game.php?id=409586"]
[Date "2008.5.28"]
[Round "3"]
[White "schibu"]
[Black "WelintonMaia"]
[Result "1-0"]
[WhiteElo "2289"]
[BlackElo "1699"]

1. d4 d5 2. Nf3 Nc6 3. Bf4 Nf6 4. e3 a6 5. c3 e6 6. Nbd2 Bd6 7. Bd3 Bxf4 8. exf4
O-O 9. Ne5 Nxe5 10. fxe5 Nd7 11. Qc2 g6 12. Nf3 f6 13. h4 f5 14. O-O-O c5 15.
Qd2 Rf7 16. h5 Nf8 17. dxc5 Qa5 18. hxg6 hxg6 19. Ng5 Rg7 20. Rh4 Qxc5 21. Rdh1
1-0

[Event "AUTO-OPEN-516"]
[Site "http://www.queenalice.com/game.php?id=470369"]
[Date "2008.9.29"]
[Round "3"]
[White "schibu"]
[Black "Alcar"]
[Result "1-0"]
[WhiteElo "2304"]
[BlackElo "1857"]

1. d4 Nf6 2. Nf3 e6 3. Bg5 Be7 4. e3 O-O 5. Bd3 h6 6. Bxf6 Bxf6 7. Nbd2 d5 8. c3
Nc6 9. Qc2 Kh8 10. O-O-O Bg5 11. h4 Be7 12. Rdg1 e5 13. Nxe5 Be6 14. Nxc6 bxc6
15. g4 Bxh4 16. Nf3 Bxf2 17. Qxf2 Rb8 18. g5 f5 19. Ne5 Qe8 20. gxh6 1-0

[Event "AUTO-OPEN-516"]
[Site "http://www.queenalice.com/game.php?id=470370"]
[Date "2008.9.29"]
[Round "3"]
[White "Alcar"]
[Black "schibu"]
[Result "0-1"]
[WhiteElo "1782"]
[BlackElo "2305"]

1. d4 b6 2. e4 Bb7 3. Nc3 e6 4. Nf3 d6 5. Bc4 Nd7 6. d5 e5 7. Bb5 a6 8. Bc6 Bxc6
9. dxc6 Nb8 10. Qd5 Ne7 11. Qc4 b5 12. Qb3 Nbxc6 13. Be3 Na5 14. Qa3 Nc4 15. Qb4
Nc6 16. Qb3 N6a5 17. Qb4 c5 18. Bxc5 dxc5 19. Rd1 cxb4 20. Nd5 Nxb2 21. Rb1 f5
22. Nxe5 fxe4 23. Nxb4 Bxb4+ 24. Kf1 O-O 25. g3 Rxf2+ 26. Kxf2 Qd2+ 27. Kg1 Bc5+
0-1